| 000 | 00604nam a2200193 a 4500 | ||
|---|---|---|---|
| 001 | 3245 | ||
| 003 | CO-ViMGA | ||
| 008 | 141112s2004 ck r 000 u spa d | ||
| 020 | _a0201821761 | ||
| 040 |
_aCO-ViMGA _bspa _cCO-ViMGA |
||
| 082 | 0 | 4 | _a330.12 F652 |
| 100 | 1 |
_aFolchi, Juan Jose _952709 |
|
| 245 | 1 | 0 |
_aEvolución del sistema económico : _bcambios estructurales y nuevas experiencias / _cFolchi Juan Jose , Verdú Antonio |
| 260 |
_aBuenos Aires : _baddison - wesley, _c1992 |
||
| 300 | _a360 p | ||
| 650 | 1 | 4 |
_aSISTEMAS ECONOMICOS _952710 |
| 650 | 1 | 4 |
_aVerdú, Antonio _952711 |
| 942 |
_2ddc _cBK |
||
| 999 |
_c15295 _d15295 |
||